| 000 | 00495cam a22002171 4500 | ||
|---|---|---|---|
| 001 | sa 68000156 | ||
| 003 | DLC | ||
| 005 | 20260227112421.0 | ||
| 008 | 890717s1967 ii 000 0 kano | ||
| 010 | _asa 68000156 | ||
| 035 | _a(OCoLC)20022085 | ||
| 040 |
_aDLC _cWaU _dDLC |
||
| 042 | _apremarc | ||
| 050 | 0 | 0 |
_aPL4659.P797 _bK8 |
| 100 | 0 |
_aKuvempu, _d1904-1994. |
|
| 245 | 1 | 0 | _aKuṭīcaka. |
| 260 | _c[1967] | ||
| 300 |
_a72 p. _c19 cm. |
||
| 500 | _aIn Kannada. | ||
| 500 | _aPoems. | ||
| 999 |
_c76988 _d76988 |
||